| 000 | 006550000a22001090004500 | ||
|---|---|---|---|
| 245 | 1 | 0 | _aMás relación entre empresa y formación |
| 300 | _aVol.0, núm.3 (Octubre-diciembre, 2004) Páginas 10-11 | ||
| 500 | _aEntrevistas | ||
| 520 | _aUn grupo de empresarios nos ofrece su visión sobre la formación técnica profesional y tecnológica en Colombia. Ellos la ven desde su quehacer : los servicios, el sistema financiero, la industria, la pequeña empresa. Todos coinciden en su pertinencia y en el deseo de hacer de esta formación un verdadero recurso para el progreso del país. | ||
| 773 | 0 | _tEducación superior : Boletín informativo | |
| 942 | _cANA | ||
| 999 |
_c61173 _d61173 |
||